| 000 | 01199cam a2200301 i 4500 | ||
|---|---|---|---|
| 999 |
_c30936 _d30936 |
||
| 001 | 19966389 | ||
| 005 | 20210209114118.0 | ||
| 008 | 170828s2018 enk b 001 0 eng | ||
| 010 | _a 2017013107 | ||
| 020 | _a9780415791601 (hardback) | ||
| 020 | _a9781138649125 (pbk.) | ||
| 020 | _z9781315625973 (ebook) | ||
| 040 |
_aDLC _beng _cDLC _erda _dDLC |
||
| 042 | _apcc | ||
| 050 | 0 | 0 |
_aGE300 _b.B34 2018 |
| 082 | 0 | 0 |
_a363.70076 _223 |
| 100 | 1 |
_aBackhouse, Jonathan, _eauthor. |
|
| 245 | 1 | 0 |
_aEnvironmental management revision guide : _bfor the NEBOSH certificate in environmental management / _cJonathan Backhouse. |
| 260 |
_aLondon : _bRoutledge, _c2018. |
||
| 300 |
_ax, 189 p. ; _c20 cm |
||
| 504 | _aIncludes bibliographical references and index. | ||
| 650 | 0 |
_aEnvironmental management _xExaminations _vStudy guides. |
|
| 650 | 0 |
_aIndustrial safety _xExaminations _vStudy guides. |
|
| 650 | 0 |
_aPollution prevention _xExaminations _vStudy guides. |
|
| 906 |
_a7 _bcbc _corignew _d1 _eecip _f20 _gy-gencatlg |
||
| 942 |
_2lcc _cBOOKS _hGE300 .B34 2018 |
||